Historical Sketches of the South of India in an attempt to trace the History of Mysoor Vol II (Record no. 153315)
[ view plain ]
| 000 -LEADER | |
|---|---|
| fixed length control field | 00607nam a2200217Ia 4500 |
| 003 - CONTROL NUMBER IDENTIFIER | |
| control field | OSt |
| 005 - DATE AND TIME OF LATEST TRANSACTION | |
| control field | 20230119110846.0 |
| 008 - FIXED-LENGTH DATA ELEMENTS--GENERAL INFORMATION | |
| fixed length control field | 210210b1817 xxu||||| |||| 00| 0 eng d |
| 040 ## - CATALOGING SOURCE | |
| Transcribing agency | AL |
| 041 ## - LANGUAGE CODE | |
| Language code of text/sound track or separate title | eng |
| 082 ## - DEWEY DECIMAL CLASSIFICATION NUMBER | |
| Classification number | 954/500 |
| 100 ## - MAIN ENTRY--PERSONAL NAME | |
| Personal name | Mark Wilks |
| 9 (RLIN) | 69375 |
| 245 ## - TITLE STATEMENT | |
| Title | Historical Sketches of the South of India in an attempt to trace the History of Mysoor Vol II |
| 260 ## - PUBLICATION, DISTRIBUTION, ETC. | |
| Place of publication, distribution, etc. | London |
| Name of publisher, distributor, etc. | Longman, Brown, Green, and Longmans. |
| Date of publication, distribution, etc. | 1817 |
| 440 ## - SERIES STATEMENT/ADDED ENTRY--TITLE | |
| Title | Vol 2 |
| 9 (RLIN) | 69353 |
| 650 ## - SUBJECT ADDED ENTRY--TOPICAL TERM | |
| Topical term or geographic name entry element | Mysur |
| 9 (RLIN) | 69354 |
| 690 ## - LOCAL SUBJECT ADDED ENTRY--TOPICAL TERM (OCLC, RLIN) | |
| Topical term or geographic name as entry element | Indian History |
| 9 (RLIN) | 69355 |
| 700 ## - ADDED ENTRY--PERSONAL NAME | |
| Personal name | WILKS (Mark) |
| 9 (RLIN) | 69357 |
| 906 ## - LOCAL DATA ELEMENT F, LDF (RLIN) | |
| a | 026258 |
| 942 ## - ADDED ENTRY ELEMENTS (KOHA) | |
| Source of classification or shelving scheme | Dewey Decimal Classification |
| Koha item type | Book |
| Withdrawn status | Lost status | Source of classification or shelving scheme | Damaged status | Not for loan | Collection code | Home library | Current library | Date acquired | Cost, normal purchase price | Total Checkouts | Full call number | Barcode | Date last seen | Price effective from | Koha item type |
|---|---|---|---|---|---|---|---|---|---|---|---|---|---|---|---|
| Dewey Decimal Classification | Rare Book | History | St Aloysius Library | St Aloysius Library | 02/17/2021 | 0.00 | 954/500 | 026258 | 02/17/2021 | 02/17/2021 | Book |